Catálogo

Vista normal Vista MARC

Entrada Personal Name

Número de registros utilizados en: 1

001 - CONTROL NUMBER

  • control field: 3667

003 - CONTROL NUMBER IDENTIFIER

  • control field: DLC

005 - DATE AND TIME OF LATEST TRANSACTION

  • control field: 20240514141827.0

008 - FIXED-LENGTH DATA ELEMENTS

  • fixed length control field: 800402n| azannaabn |b aaa

010 ## - LIBRARY OF CONGRESS CONTROL NUMBER

  • LC control number: n 80017732

035 ## - SYSTEM CONTROL NUMBER

  • System control number: (OCoLC)oca00400146

040 ## - CATALOGING SOURCE

  • Original cataloging agency: DLC
  • Language of cataloging: spa
  • Description conventions: rda
  • Transcribing agency: MxPuUPA
  • Modifying agency: DLC
  • Modifying agency: OhKeUAV
  • Modifying agency: DLC
  • Modifying agency: CU-S
  • Modifying agency: InU
  • Modifying agency: OCoLC
  • Modifying agency: MxPuUPA

046 ## - SPECIAL CODED DATES

  • Birth date: 19420819
  • Source of date scheme: edtf

100 1# - HEADING--PERSONAL NAME

  • Personal name: Nichols, Bill,
  • Dates associated with a name: 1942-

372 ## - FIELD OF ACTIVITY

  • Field of activity: Películas documentales
  • Source of term: lcsh

374 ## - OCCUPATION

  • Occupation: Autor

375 ## - GENDER

  • Gender: hombre

377 ## - ASSOCIATED LANGUAGE

  • Language code: eng

400 1# - SEE FROM TRACING--PERSONAL NAME

  • Personal name: Bi'er Nike'ersi,
  • Dates associated with a name: 1942-

400 1# - SEE FROM TRACING--PERSONAL NAME

  • Personal name: 比尔・尼可尔斯,
  • Dates associated with a name: 1942-

400 1# - SEE FROM TRACING--PERSONAL NAME

  • Personal name: Nichols, William J.,
  • Dates associated with a name: 1942-

670 ## - SOURCE DATA FOUND

  • Source citation: Movies and methods, c1976.

670 ## - SOURCE DATA FOUND

  • Source citation: His Ideology and the image, c1981:
  • Information found: t.p. (Bill Nichols) CIP data sheet (b. 11/19/42)

670 ## - SOURCE DATA FOUND

  • Source citation: Maya Deren and the American avant-garde, 2001:
  • Information found: CIP t.p. (Bill Nichols) galley (lists 4 previous books by author) data sheet (Nichols, William J.; b. Aug. [sic] 19, 1942)

670 ## - SOURCE DATA FOUND

  • Source citation: Call to publisher, 2010-01-13:
  • Information found: (Bill Nichols; b. 8-19-1942; author/editor of: Movies and methods; Ideology and the image; Representing reality; Blurred boundaries; Maya Deren and the American Avant Garde; Introduction to documentary)

670 ## - SOURCE DATA FOUND

  • Source citation: Ji lu pian dao lun, 2016:
  • Information found: title page (Bill Nichols = 比尔・尼可尔斯 = Bi'er Nike'ersi [chi rom.])